| 000 | 01175nam a2200325Ia 4500 | ||
|---|---|---|---|
| 003 | OSt | ||
| 005 | 20221006160350.0 | ||
| 006 | a|||||r|||| 00| 0 | ||
| 007 | ta | ||
| 008 | 221006b |||||||| |||| 00| 0 eng d | ||
| 020 |
_a9780415586771 _c£28.00 |
||
| 024 | _a45,056 | ||
| 037 |
_b101-A/28-02-2014, 28/02/2014, Pioneer Book Distributor _cTextual |
||
| 040 |
_aEASL _cEASL _beng |
||
| 041 |
_2eng _aeng |
||
| 082 | _aY9:3(Q), P7 | ||
| 100 |
_aJames Helen Ed. _930027 |
||
| 245 | 0 |
_aCivil society religion and global governance _b Paradigms of power and persuasion |
|
| 260 |
_aLondon _bRoutledge _c2007 |
||
| 300 |
_a340p. _ccm. |
||
| 490 | _v Gen | ||
| 500 | _aR&D Budget: RM Sensei | ||
| 650 |
_a Civil society and global governance _9673055 |
||
| 650 |
_a Cross-cultural perspectives on institutional development for civil society _9673056 |
||
| 650 |
_a Ethics of civil development _9673057 |
||
| 650 |
_a Politics of civil religion _9673058 |
||
| 650 |
_aHuman security and human rights _9673059 |
||
| 942 |
_hY9:3(Q), P7 _cTEXL _2CC |
||
| 999 |
_c1113148 _d1113148 |
||